| 000 | 00769nas a2200265 4500 | ||
|---|---|---|---|
| 001 | BR9001865 | ||
| 003 | BR-BrBNA | ||
| 005 | 20231205091839.0 | ||
| 007 | ta | ||
| 008 | 230509b bl.|||p| |||| 00| 00por d | ||
| 040 |
_aBR-BrBNA _bpor _cBiblioteca Nacional de Agricultura |
||
| 041 | _a(En) | ||
| 072 | _aH50; T01; F04 | ||
| 100 | 1 | _aAndrea, M.M. de | |
| 100 | 1 | _aLord, K.A. | |
| 100 | 1 | _aRuegg, E.F. | |
| 245 | 1 | _aDistribution of 14C in soil and rice plants following | |
| 650 | _aARROZ | ||
| 650 | _aINSETICIDA | ||
| 650 | _aEFEITO RESIDUAL | ||
| 650 | _aPERFORMANCE | ||
| 773 | 0 |
_tEnergia Nuclear e Agricultura (Brazil) _xISSN 0100-3593 _g(Jan-Jun 1983), v. 5(1) p. 41-57 _wBR9001865 |
|
| 909 |
_a202311 _bLúcia _c55 _dLúcia Elande |
||
| 942 |
_2AGRIS _n0 _cANA |
||
| 999 |
_c127722 _d127722 |
||